00403nam a2200133 a 4500008004100000020001500041050001800056100002400074245006400098246003600162260004200198300002000240350000900260120416s0000 ||||||||||||||||| || u a0304314528 aLB 2845.7 Pro aBroadfoot, Patricia10aProfiles and records of achievementcedited by P. Broadfoot aa review of issues and practice aLondonbCassell Educational Ltdc1986 ax, 255p. : ill. a0.00